000 00458ntaaa2200181 4500
003 01
005 20251027202219.0
008 0714s1973 ag 01
040 _aAR-BaBN
_bspa
_cAR-BaBN
_eaacr
_dRIC
082 _a268.0000 D74
100 _aDouty, Mary Alice
_920656
245 _aHow to work with church groups
250 _a1 ed.
260 _aNew York :
_bAbingdon Press,
_cc1957
300 _a170 p
650 _aeducación religiosa
_94601
942 _cBK
999 _c17012
_d17012